Tread carefully into 10-year commitment of stewardship (Record no. 72153)

MARC details
000 -LEADER
fixed length control field 01074cam a2200217 4500
001 - CONTROL NUMBER
control field ABS66479
008 - FIXED-LENGTH DATA ELEMENTS--GENERAL INFORMATION
fixed length control field 030226n2003 000 0 eng u
035 ## - SYSTEM CONTROL NUMBER
System control number (Sirsi) u121425
100 ## - MAIN ENTRY--PERSONAL NAME
Personal name Impey, L.
245 ## - TITLE STATEMENT
Title Tread carefully into 10-year commitment of stewardship
260 ## - PUBLICATION, DISTRIBUTION, ETC.
Date of publication, distribution, etc. 2003
490 ## - SERIES STATEMENT
Series statement Farmers' Weekly
Volume/sequential designation 138(8) 21 February 2003, 14(1)
520 ## - SUMMARY, ETC.
Summary, etc. Summarises what farmers need to consider before entering into the Countryside Stewardship Scheme such as the overall aims of the scheme, the level of commitment required and the level of payment as opposed to reduced farm income. Outlines what the scheme does and what the landowner is required to do. Also includes a short section on the new Entry Level Scheme which is being piloted this year and will be a shorter term commitment allowing more farmers to be involved in conservation.
590 ## - LOCAL NOTE (RLIN)
Local note ABS
650 ## - SUBJECT ADDED ENTRY--TOPICAL TERM
Topical term or geographic name entry element COUNTRYSIDE STEWARDSHIP SCHEME
650 ## - SUBJECT ADDED ENTRY--TOPICAL TERM
Topical term or geographic name entry element NATURE CONSERVATION
650 ## - SUBJECT ADDED ENTRY--TOPICAL TERM
Topical term or geographic name entry element FARMING
650 ## - SUBJECT ADDED ENTRY--TOPICAL TERM
Topical term or geographic name entry element AGRI-ENVIRONMENT SCHEMES
690 ## - LOCAL SUBJECT ADDED ENTRY--TOPICAL TERM (OCLC, RLIN)
Topical term or geographic name as entry element RURAL-NATURE CONSERVATION
942 ## - ADDED ENTRY ELEMENTS (KOHA)
Suppress in OPAC 0
Holdings
Withdrawn status Lost status Source of classification or shelving scheme Damaged status Not for loan Home library Current library Shelving location Date acquired Total Checkouts Full call number Barcode Date last seen Copy number Price effective from Koha item type
    Dewey Decimal Classification     London London Journal article 26/02/2003   ABS66479 121425-1001 06/08/2019 1 06/08/2019 Journal article